The world in the evening / (Record no. 83657)
[ view plain ]
| 000 -LEADER | |
|---|---|
| fixed length control field | 00605nam a2200205 a 4500 |
| 001 - CONTROL NUMBER | |
| control field | 83657 |
| 003 - CONTROL NUMBER IDENTIFIER | |
| rucl marc code | BD-RjUL |
| 005 - DATE AND TIME OF LATEST TRANSACTION | |
| control field | 20240506152550.0 |
| 008 - FIXED-LENGTH DATA ELEMENTS--GENERAL INFORMATION | |
| fixed length control field | 240506s1960 enk 00000 eng d |
| 035 ## - SYSTEM CONTROL NUMBER | |
| System control number | (BD-RjUL)83657 |
| 040 ## - CATALOGING SOURCE | |
| Original cataloging agency | ANL |
| Language of cataloging | eng |
| Transcribing agency | ANL |
| Modifying agency | BD-RjUL |
| 041 ## - LANGUAGE CODE | |
| Language code of text/sound track or separate title | eng |
| 082 1# - DEWEY DECIMAL CLASSIFICATION NUMBER | |
| Edition number | 23 |
| Classification number | 823.912 |
| Author mark and year | ISW 1960 |
| 100 1# - MAIN ENTRY--PERSONAL NAME | |
| Personal name | Isherwood, Christopher, |
| Dates associated with a name | 1904-1986. |
| 9 (RLIN) | 190538 |
| 245 14 - TITLE STATEMENT | |
| Title | The world in the evening / |
| Statement of responsibility, etc. | Christopher Isherwood. |
| 260 ## - PUBLICATION, DISTRIBUTION, ETC. (IMPRINT) | |
| Place of publication, distribution, etc. | London : |
| Name of publisher, distributor, etc. | Landsborough Publications Ltd., |
| Date of publication, distribution, etc. | 1960. |
| 300 ## - PHYSICAL DESCRIPTION | |
| Pagination | 256 p. ; |
| Size | 19 cm. |
| 650 ## - SUBJECT ADDED ENTRY--TOPICAL TERM | |
| Topical term or geographic name as entry element | English fiction |
| Form subdivision | Adolescence |
| 9 (RLIN) | 190540 |
| 942 ## - ADDED ENTRY ELEMENTS (KOHA) | |
| Source of classification or shelving scheme | Dewey Decimal Classification |
| Koha item type | Books |
| Lost status | Source of classification or shelving scheme | Damaged status | Not for loan | Collection code | Permanent Location | Current Location | Shelving location | Date acquired | Total Checkouts | Full call number | Date last seen | Copy number | Koha item type |
|---|---|---|---|---|---|---|---|---|---|---|---|---|---|
| Dewey Decimal Classification | Not For Loan | Fiction | Central Library, University of Rajshahi | Central Library, University of Rajshahi | Reading Room | 06/05/2024 | 823.912 ISW 1960 | 06/05/2024 | C-1 | Books |